[Event "SVK-ch Amateurs"]
[Site "Liptovsky Jan"]
[Date "2023.06.17"]
[Round "5"]
[White "Andre, Tomas"]
[Black "Chomo, Boris"]
[Result "0-1"]
[WhiteElo "1559"]
[BlackElo "1876"]
[PlyCount "138"]
[EventDate "2023.06.15"]
[EventType "swiss"]
[EventRounds "8"]
[EventCountry "SVK"]
[SourceTitle "CBM 214 Extra"]
[Source "ChessBase"]
[SourceDate "2023.07.31"]
[SourceVersion "1"]
[SourceVersionDate "2023.07.31"]
[SourceQuality "1"]

1. e4 e6 2. d4 b6 3. Nf3 Bb7 4. Bd3 Nf6 5. Qe2 d5 6. exd5 Nxd5 7. c3 Nd7 8. 0-0 Be7 9. Bd2 0-0 10. Qe4 N7f6 11. Qh4 g6 12. Ng5 Nh5 13. g4 h6 14. gxh5 Bxg5 15. Bxg5 hxg5 16. Qe4 Nf4 17. Qxb7 Nxd3 18. Qf3 Nf4 19. Nd2 Nxh5 20. Ne4 Kg7 21. h4 gxh4 22. Qe3 Qd5 23. Rfe1 Qf5 24. Qg5 Qxg5+ 25. Nxg5 Nf4 26. Re4 Kh6 27. Nf3 g5 28. Nxh4 f5 29. Rxf4 gxf4 30. Kg2 Rg8+ 31. Kf3 Rg4 32. Ng2 Kg5 33. Rg1 Rh8 34. Ke2 Rh2 35. Kf1 Kf6 36. Ne1 Rxg1+ 37. Kxg1 Rh8 38. Nd3 Rd8 39. Nxf4 e5 40. Ne2 exd4 41. Nxd4 c5 42. Nf3 Rd1+ 43. Kg2 Ra1 44. a3 Ra2 45. b4 Rxa3 46. bxc5 bxc5 47. c4 Rxf3 48. Kxf3 a5 49. Ke3 a4 50. Kd3 Ke5 51. Kc3 Ke4 52. Kb2 Kd3 53. Ka3 Kxc4 54. Kxa4 Kd3 55. Kb3 c4+ 56. Kb2 Kd2 57. f4 c3+ 58. Ka2 c2 59. Kb3 c1Q 60. Ka2 Ke3 61. Kb3 Kxf4 62. Ka2 Qc8 63. Kb2 Kg5 64. Kb3 f4 65. Ka2 Qb7 66. Ka3 f3 67. Ka2 f2 68. Ka3 f1Q 69. Ka2 Qfa6# 0-1

[Event "SVK-ch Amateurs"]
[Site "Liptovsky Jan"]
[Date "2023.06.16"]
[Round "4"]
[White "Chomo, Boris"]
[Black "Kucej, Robert"]
[Result "1-0"]
[WhiteElo "1876"]
[BlackElo "1643"]
[PlyCount "71"]
[EventDate "2023.06.15"]
[EventType "swiss"]
[EventRounds "8"]
[EventCountry "SVK"]
[SourceTitle "CBM 214 Extra"]
[Source "ChessBase"]
[SourceDate "2023.07.31"]
[SourceVersion "1"]
[SourceVersionDate "2023.07.31"]
[SourceQuality "1"]

1. e4 e5 2. Nf3 Nc6 3. d4 exd4 4. Bc4 Nf6 5. 0-0 Be7 6. e5 Ng4 7. Re1 d6 8. e6 Bxe6 9. Bxe6 fxe6 10. Nxd4 Nxd4 11. Qxg4 Nxc2 12. Qa4+ Qd7 13. Qxc2 0-0-0 14. Qe4 e5 15. Nc3 c6 16. Qa4 Kb8 17. Be3 b6 18. Rac1 d5 19. Red1 Qe6 20. Ne2 Kb7 21. Qb3 Rhf8 22. a4 Qf6 23. Rf1 d4 24. Bd2 Rd5 25. Ng3 h6 26. Qd3 Qe6 27. b4 g6 28. b5 cxb5 29. axb5 g5 30. Rc6 Rd6 31. Rfc1 Rxc6 32. Rxc6 Qf7 33. f3 h5 34. Qe4 Kb8 35. Qxe5+ Kb7 36. Rc7+ 1-0